| 000 | 00893nam2a22002411 4500 | ||
|---|---|---|---|
| 001 | v19\rc\1310779 | ||
| 005 | 20250618032850.0 | ||
| 035 | _a(NLR Aleph) 004467570 | ||
| 090 |
_a4546983 _c4546983 |
||
| 100 | _a20060512d1899 |||y0rusy50 ca | ||
| 101 | 0 | _arus | |
| 102 | _aRU | ||
| 105 | _ay z ||||| | ||
| 200 | 1 | _aМамундская экспедиция | |
| 210 |
_d1899 _aБ. м. |
||
| 461 | 0 |
_1001v19\rc\1310778 _12001#$aИндийская пограничная война 1897 года$eОчерк 1$vОчерк 1$90 _94546980 _cУмань _d1899 _nтип. Я.Х. Рубина п. у. И.Н. Гурвица _oОчерк 1 _tИндийская пограничная война 1897 года _vОчерк 1$90 |
|
| 700 | 1 | _aКавелин | |
| 701 | 1 | _aОсосов | |
| 801 | 0 |
_aRU _bNLR _gpsbo |
|
| 801 | 1 |
_aRU _bProSoft-M _2rusmarc |
|
| 852 |
_aNLR _j37.63.8.121 |
||
| 942 | _cBOOK | ||
| 980 | _aNB | ||